000 01303cam a2200385 i 4500
999 _c18399
_d18399
001 18495420
003 BDDh-ASL
005 20231015025715.0
008 150218s19761975ii ab b 001 0beng
010 _a 2014362312
020 _a195607341 (v. 1)
025 _aI-E-2014-362312
037 _bLibrary of Congress -- New Delhi Overseas Office
040 _aDLC
_beng
_erda
_cDLC
_dBDDh-ASL
042 _alcode
_apcc
043 _aa-ii---
050 0 0 _aDS481.N35
_bG664 2015
082 _a923.254
_bGOJ
100 1 _aGopal, Sarvepalli,
_eauthor.
245 1 0 _aJawaharlal Nehru, Volume-1, 1889-1947:
_ba biography /
_cby Sarvepalli Gopal.
264 1 _aBombay :
_bOxford University Press,
_c1976
300 _av-1, v, 398 p. :
_billustrations, maps ;
_c23 cm.
336 _atext
_btxt
_2rdacontent
336 _astill image
_bsti
_2rdacontent
337 _aunmediated
_bn
_2rdamedia
338 _avolume
_bnc
_2rdacarrier
504 _aIncludes bibliographical references and index.
600 1 0 _aNehru, Jawaharlal,
_d1889-1964.
650 0 _aPrime ministers
_zIndia
_vBiography.
650 0 _aStatesmen
_zIndia
_vBiography.
651 0 _aIndia
_xPolitics and government
_y20th century.
906 _a7
_bcbc
_corigode
_d3
_encip
_f20
_gy-gencatlg
942 _2ddc
_cBK